Установка для измерения относительной напряженности электрического поля в объемных резонаторах; Известия Томского политехнического института [Известия ТПИ]; Т. 100

Detaylı Bibliyografya
Parent link:Известия Томского политехнического института [Известия ТПИ]/ Томский политехнический институт (ТПИ).— , 1944-1976
Т. 100.— 1962.— [С. 170-173]
Yazar: Ковригин Л. А.
Diğer Yazarlar: Ольшанский А. П., Падусова Е. В. Евгения Васильевна
Özet:Заглавие с титульного листа
Электронная версия печатной публикации
Dil:Rusça
Baskı/Yayın Bilgisi: 1962
Konular:
Online Erişim:http://www.lib.tpu.ru/fulltext/v/Bulletin_TPU/1962/v100/22.pdf
Materyal Türü: MixedMaterials Elektronik Kitap Bölümü
KOHA link:https://koha.lib.tpu.ru/cgi-bin/koha/opac-detail.pl?biblionumber=191538

MARC

LEADER 00000nla2a2200000 4500
001 191538
005 20231031180730.0
035 |a (RuTPU)RU\TPU\book\208859 
035 |a RU\TPU\book\208857 
090 |a 191538 
100 |a 20110207d1962 k y0rusy50 ca 
101 0 |a rus 
102 |a RU 
135 |a drnn ---uucaa 
181 0 |a i  
182 0 |a b 
200 1 |a Установка для измерения относительной напряженности электрического поля в объемных резонаторах  |b Электронный ресурс  |f Л. А. Ковригин, А. П. Ольшанский, Е. В. Падусова 
203 |a Текст  |c электронный 
215 |a 1 файл (3.8 Мб) 
230 |a Электронные текстовые данные (1 файл : 3.8 Мб) 
300 |a Заглавие с титульного листа 
300 |a Электронная версия печатной публикации 
320 |a [Библиогр.: с. 173 (3 назв.)] 
337 |a Adobe Reader 
461 1 |0 (RuTPU)RU\TPU\book\200995  |t Известия Томского политехнического института [Известия ТПИ]  |f Томский политехнический институт (ТПИ)  |d 1944-1976 
463 1 |0 (RuTPU)RU\TPU\book\208734  |t Т. 100  |v [С. 170-173]  |d 1962  |p 200 с. 
610 1 |a электронный ресурс 
610 1 |a труды учёных ТПУ 
700 1 |a Ковригин  |b Л. А. 
701 1 |a Ольшанский  |b А. П. 
701 1 |a Падусова  |b Е. В.  |c радиотехник  |c преподаватель Томского государственного университета систем управления и радиоэлектроники (ТУСУР), доцент  |f 1926-  |g Евгения Васильевна  |2 stltpush  |3 (RuTPU)RU\TPU\pers\11848 
801 1 |a RU  |b 63413507  |c 20090320  |g PSBO 
801 2 |a RU  |b 63413507  |c 20220209  |g PSBO 
856 4 |u http://www.lib.tpu.ru/fulltext/v/Bulletin_TPU/1962/v100/22.pdf 
942 |c CF